71 Babynamen der Woche 52/25' - Statistiken

Allgemein
  • Dieses Quiz wurde 10 mal gespielt
  • Das Durchschnittsergebnis liegt bei 32 aus 71
Antwortstatistiken
📍 Vorname % Korrekt
A.f..d ♂️ Alfred
100%
B.ö.n ♂️ Björn
90%
D.v.d ♂️ David
90%
Er.k ♂️ Erik
90%
Fi.n ♂️ Finn
90%
K.r.n ♀️ Karin
90%
K.y ♂️ Kay
90%
M.x ♂️ Max
90%
A.d.e.s ♂️ Andreas
80%
An.a ♀️ Anna
80%
B.a ♀️ Bea
80%
Ed..h ♀️ Edith
80%
Em.n..l ♂️ Emanuel
80%
F.o.a ♀️ Fiona
80%
K.t..r..a ♀️ Katharina
80%
K.l.i.n ♂️ Killian
80%
Pa.l ♂️ Paul
80%
T.o.b.ö.n ♂️ Thorbjörn
80%
E.g.n ♂️ Eugen
70%
G.b.r ♂️ Gabor
70%
I.a ♀️ Isa
70%
M.l.k ♂️ Malik
70%
M..g.t ♀️ Margot
70%
S.p..e ♀️ Sophie
70%
G.t.i ♀️ Gitti
60%
H.l.n ♀️ Helen
60%
J.a.h.m ♂️ Joachim
60%
Lu.z ♂️ Lutz
60%
P..l..e ♀️ Pauline
60%
A.e.t ♀️ Anett
50%
At.i.a ♂️ Attila
50%
M..d.l..a ♀️ Magdalena
50%
S.m.n ♂️ Simon
50%
X..d.r ♂️ Xander
50%
A.i ♀️ Ari
40%
D.a ♀️ Dua
40%
Ed.a ♀️ Edda
40%
Le.n ♂️ Lean
40%
M..l..s ♀️ Marlies
40%
M..l.n ♂️ Marlon
40%
M.r.e ♀️ Merle
40%
R.n..e ♀️ Renate
40%
H..l.y ♀️ Hailey
30%
J.l..n ♂️ Julian
30%
R.v.n ♂️ Raven
30%
A.d.l ♂️ Abdul
20%
F.l..a ♀️ Felina
20%
Iv.r ♂️ Ivar
20%
L..n.e ♀️ Leonie
20%
L.r..a ♀️ Lorena
20%
M..l..e ♀️ Marlene
20%
M.t.e ♀️ Mette
20%
S.v.r..a ♀️ Severina
20%
T.r.n ♂️ Torin
20%
Al.m ♂️ Alim
10%
Ar.a..t ♂️ Arianit
10%
Ed.a.d ♂️ Eddard
10%
E.y.m ♂️ Elyam
10%
F.a.k.e ♂️ Frankie
10%
F..t.i ♂️ Fritzi
10%
Ma.l ♂️ Maél
10%
Re.i ♀️ Reni
10%
W..m ♂️ Wilm
10%
Av.n.a ♀️ Avenya
0%
J.s..l..a ♀️ Jesselina
0%
J.w..a ♀️ Juwela
0%
K.z.y ♂️ Kuzey
0%
Re.a ♀️ Réka
0%
S.d.k ♂️ Sadik
0%
Us..d ♂️ Usaid
0%
Uv..s ♂️ Uvejs
0%
Keine übereinstimmenden Quizze gefunden
Verteilung der Resultate
Anzahl Personen mit jedem Resultat
Perzentil nach korrekt beantworteten Fragen
Ihre Resultats-Entwicklung
Sie haben dieses Quiz noch nicht gespielt